000 01080nam a22002897a 4500
005 20091015103222.0
006 a|||||r|||||00| 0
007 he amb---bacp
007 ta
008 091015t xxu||||| |||| 00| 0 eng d
022 _a0972-5652
037 _bPublication Dept., National Council of Educational Research and Training, Sri Aurobindo Marg, New Delhi-110016
040 _aDLC
_cDLC
042 _alcd
043 _aa-ii---
245 _aIndian educational abstracts
_bhalf-yearly journal
260 _a[New Delhi] :
_bNational Council of Educational Research and Training,
_c2001-
300 _av. ;
_c25 cm.
310 _aSemiannual
362 _aBegan with: Vol. l, no. l (July 1966).
500 _aDescription based on: Vol. 27, no. 4 (Oct. 1992); title from cover.
650 _aEducation
_xAbstrats
_zIndia
_vPeriodicals.
710 _aNational Council of Educational Research and Training (India)
942 _2ddc
_cSR
_s1
999 _c30937
_d30937